000 00369nam a22001577a 4500
003 MPLRDC
005 20220104124103.0
008 210129b ||||| |||| 00| 0 eng d
082 _a719.387 LHY
100 _a李辉英
245 _a新加坡纪行
_c
260 _a
_b国光图书公司
_c
300 _b
650 _a新加坡游记
942 _cBK
_o719.387 LHY
999 _c16540
_d16530